මාදු ගඟ : ශ්‍රී ලංකාවේ සුන්දරතම රැම්සා තෙත්බිම

Madu ganga : Sri Lankave sundarathama ramsa thethbima
Saved in:
Bibliographic Details
Main Author: වික්‍රමරත්න, ධර්මන්
Format: Book
Language:Sinhalese
Published: ශ්‍රී ජයවර්ධනපුර : කර්තෘ, 2007.
Tags: Add Tag
No Tags, Be the first to tag this record!

MARC

LEADER 00000nam a22000007a 4500
003 LK-CoNLD
005 20171127144700.0
008 171127b xxu||||| |||| 00| | sin d
015 |2 slnb 
942 |c BOOK 
017 |b LK-CoDNA 
040 |a LK-CoNLD  |b SIN  |c LK-CoNLD  |d LK-CoNLD 
082 |2 23  |q LK-CoNLD 
245 |6 880-1  |a මාදු ගඟ  |b  : ශ්‍රී ලංකාවේ සුන්දරතම රැම්සා තෙත්බිම  |c  / ධර්මන් වික්‍රමරත්න. 
260 |9 29546  |a ශ්‍රී ජයවර්ධනපුර :   |b කර්තෘ,  |c 2007. 
300 |a පි.104 : ඡායාරූප ;  |c සෙමී. 21.  |b මැබැ-බෝක : රු. 170.00 
100 |9 6525  |a වික්‍රමරත්න, ධර්මන්  
880 |6 245-1  |a Madu ganga : Sri Lankave sundarathama ramsa thethbima  
999 |c 206774  |d 206774